000 00393nam a2200145Ia 4500
008 230711s9999||||xx |||||||||||||| ||und||
041 _aENG
082 _a621
_bLI-D
100 _aLindsey,Darryl
245 4 _aThe design and drafting of printed circuits
250 _a2nd
260 _c1984
_aNew Delhi
_bCBS Publishers & Distributors Pvt.Ltd
650 _aElectronics Engineering
942 _cBK
999 _c1294
_d1294